000
00293nam a22001337a 4500
008
190304b xxu||||| |||| 00| 0 eng d
020
_a
9780803615267
041
_a
eng
080
_a
616.15
100
_a
9
101
_a
HEM
245
_a
Hematology in Practice
_c
Ciesla,B
942
_2
udc
_c
BK
999
_c
54396
_d
54396